Physical Chemistry-II: (Record no. 184158)

MARC details
000 -LEADER
fixed length control field 00605nam a22001817a 4500
005 - DATE AND TIME OF LATEST TRANSACTION
control field 20220113154006.0
010 ## - LCCN (DPL NO)
LC control number ENG-131108
020 ## - INTERNATIONAL STANDARD BOOK NUMBER
International Standard Book Number 978-93-544-9179-5
Terms of availability 725.00
035 ## - SYSTEM CONTROL NUMBER
System control number EN-114640
037 ## - SOURCE OF ACQUISITION
Source of stock number/acquisition DBAD
082 ## - DEWEY DECIMAL CLASSIFICATION NUMBER
Classification number 541.3
100 ## - MAIN ENTRY--PERSONAL NAME
Personal name Ganguly, Ananya
245 ## - TITLE STATEMENT
Title Physical Chemistry-II:
Remainder of title JEE Advanced/
Statement of responsibility, etc Ananya Ganguly
260 ## - PUBLICATION, DISTRIBUTION, ETC. (IMPRINT)
Place of publication, distribution, etc Uttar Pradesh
Name of publisher, distributor, etc Pearson India Education Services Pvt. Ltd
Date of publication, distribution, etc 2021
270 ## - ADDRESS
City Uttar Pradesh
Address 15th Floor, Tower-B, World Trade Tower, Plot No. 1, Block-C, Sector 16
Postal code 201301
300 ## - PHYSICAL DESCRIPTION
Extent 574p.
Dimensions 28cm(pbk)
942 ## - ADDED ENTRY ELEMENTS (KOHA)
Source of classification or shelving scheme Dewey Decimal Classification
Item type English Books
Classification part 541.3
Call number suffix GAN
Holdings
Withdrawn status Lost status Not for loan Collection code Home library Current library Date acquired Source of acquisition Cost, normal purchase price Full call number Barcode Copy number Cost, replacement price Koha item type
      Non-fiction Sarojini Nagar Sarojini Nagar 13/01/2022 DBAD/PUB 725.00 541.3 GAN EN-114640 1 725.00 English Books

© Delhi Public Library
Hit Counter
free hit counter